Vista normal
Vista MARC
Entrada Materia (personas)
Número de registros utilizados en: 1
001 - CONTROL NUMBER
- control field: 65431
003 - CONTROL NUMBER IDENTIFIER
- control field: Co-BoUCM
005 - DATE AND TIME OF LATEST TRANSACTION
- control field: 20141021100229.0
008 - FIXED-LENGTH DATA ELEMENTS
- fixed length control field: 141021|| aca||aabn | a|a d
040 ## - CATALOGING SOURCE
- Original cataloging agency: Co-BoUCM
- Transcribing agency: Co-BoUCM
100 ## - HEADING--PERSONAL NAME
- Personal name: Sosa Osorio, José Antonio
670 ## - SOURCE DATA FOUND
- Source citation: Work cat.: (Co-BoUCM)297061: Sosa Osorio, José Antonio, Manual de teoría de la comunicación , 2013